000 00416nam a2200133Ia 4500
005 20260328104258.0
008 260328s9999||||xx |||||||||||||| ||und||
100 _aAlegre, Irene
245 0 _aSatar product Designers :
_b prototypes ,products, and sketches from the World¨s top Designers. /
_cIrene Alegre
260 _bHarper Design
300 _a416 p.
650 _aDISEÑO INDUSTRIAL - ELEMENTOS
942 _cBK
999 _c10493
_d10493